Gares de la Côte d'Or - Statistiques

Statistiques générales
  • Ce quiz a été pris 118 fois
    30 depuis la dernière actualisation
  • Le résultat moyen est 15 sur 34
Statistiques - réponses
Nombre de voyageurs Gares % Correct
1 041 472 Beaune
100%
97 491 Dijon Porte Neuve
100%
394 196 Montbard
89%
163 850 Is sur Tille
84%
7 653 382 Dijon Ville
79%
275 660 Nuits Saint Georges
74%
375 248 Auxonne
68%
118 516 Gevrey Chambertin
63%
308 609 Genlis
58%
198 197 Les Laumes - Alésia
58%
20 591 Meursault
47%
45 883 Blaisy Bas
42%
13 959 Brétigny - Norges
42%
59 698 Malain
42%
59 749 Seurre
42%
6 601 Velars
42%
18 750 Lantenay
37%
15 566 Ruffey
37%
60 599 Saint Jean de Losne
37%
50 999 Saint Julien - Clénay
37%
14 595 Corgoloin
32%
23 540 Gemeaux
32%
11 403 Ouges
32%
4 302 Santenay
32%
52 191 Vougeot - Gilly les Citeaux
32%
45 705 Brazey en Plaine
26%
3 477 Thenissey
26%
22 218 Verrey
26%
41 346 Collonges
21%
19 378 Saulon
21%
4 582 Longecourt en Plaine
16%
30 881 Aiserey
5%
12 885 Chaugey
5%
10 466 Pagny
5%
Aucun quiz correspondant
Distribution des résultats
% des personnes avec chaque résultat
Percentile par nombre de réponses
Votre historique - résultats
Vous n’avez pas pris ce quiz depuis la dernière actualisation